000 01188nam a2200325Ia 4500
001 8799
005 20250904163402.0
008 200115s2019 ck 000 0 spa d
020 _a9789588846538
040 _aCO-BoRNBP
_bspa
_erda
_cCO-BoRNBP
041 _aspa
084 _aA MCC10
100 1 _aMcCarney, Rosemary A.
_d1953
_eautor
_961857
245 1 1 _a¿Dónde viviré‚? /
_cRosemary McCarney ; traducción Susana Tornero
250 _aEdición especial
264 1 _aBogotá
_b Alianza
_c2019
300 _a[26] páginas
_bilustraciones en color
_c 22 cm
336 _2rdacontent
_atexto
_btxt
337 _2rdamedia
_asin mediación
_bn
338 _2rdacarrier
_avolumen
_bnc
490 0 _aPlan Nacional de Lectura y Escritura Leer es mi Cuento / Ministerio de Cultura
521 _aRecomendado para un público infantil mayor de 9 años.
534 _tWhere will i live?
650 1 7 _aAlbumes infantiles canadienses
_2LEMB
_961858
650 1 7 _aLiteratura infantil canadiense
_937968
650 1 7 _aEmigracion e inmigracion
_2LEMB
_vÁlbum
_961859
650 1 7 _aNiños refugiados
_2LEMB
_vÁlbum
_964715
700 1 _aTornero, Susana
_eautor
_961967
942 _2loc
_cBK
999 _c8799
_d8799